| 000 | 00544nam a22001937a 4500 | ||
|---|---|---|---|
| 003 | OSt | ||
| 005 | 20140310182804.0 | ||
| 008 | 130214t xxu||||| |||| 00| 0 eng d | ||
| 020 | _a9715842135 | ||
| 050 |
_aRM 301.12 _b.D364 1997 |
||
| 100 | _aDeglin, Judith H. | ||
| 245 |
_aDavis's drug guide for nurses / _cJudith Hopfer Deglin, April Hazard Vallerand. |
||
| 260 |
_aPhiladelphia : _bF.A. Davis, _c2007. |
||
| 300 |
_a1406 p. : _bill. (some col.) ; _c 22 cm. |
||
| 521 | _aNUR | ||
| 562 | _e1 | ||
| 942 |
_2lcc _cBK _kLOC |
||
| 999 |
_c16051 _d16051 |
||